Educación matemática 1º básico: texto para el estudiante

Պահպանված է:
Մատենագիտական մանրամասներ
Հիմնական հեղինակներ: Falconi Salvatierra, Pamela de los Angeles (Հեղինակ), Vigar Robles, Paula Hilda (Հեղինակ)
Ձևաչափ: Գիրք
Լեզու:իսպաներեն
Հրապարակվել է: Santiago Santillana del Pacífico 2005
Խորագրեր:
Ցուցիչներ: Ավելացրեք ցուցիչ
Չկան պիտակներ, Եղեք առաջինը, ով նշում է այս գրառումը!

MARC

LEADER 00000nam a2200000 a 4500
001 UCK9633
003 CL-VaPUC
008 060519e20050000CL |||||||||||||||||spa|d
020 |a 9561511142 
082 0 4 |a 372.7  |b FAL  |2 21 
100 0 |a Falconi Salvatierra, Pamela de los Angeles  |e author  |9 499406 
700 0 |a Vigar Robles, Paula Hilda  |e author  |9 499407 
245 1 0 |a Educación matemática 1º básico: texto para el estudiante 
300 |a 159 p 
942 |c BK 
945 |d 20060519 00:00:00  |a cmena 
260 |a Santiago  |b Santillana del Pacífico  |c 2005 
650 0 |a Educación básica   |9 224933 
650 0 |a Matemáticas  |x Enseñanza  |9 875527 
650 0 |a Libros de texto  |9 270019 
650 0 |a Métodos de enseñanza  |9 270413 
583 |a last modification  |c 20170816 12:49:59  |k Rodrigo Vera 
999 |c 316716  |d 316714 
952 |0 0  |1 0  |4 0  |6 372_700000000000000_FAL_2005  |7 0  |8 A  |9 391500  |a BIBMAT  |b BIBMAT  |c E_DIDACT  |d 2019-11-22  |i 4231325  |o 372.7 FAL 2005  |p 4231325  |r 2025-01-07  |w 2019-11-22  |y BK  |k MAT 
952 |0 0  |1 0  |4 0  |6 372_700000000000000_FAL_2005  |7 0  |8 A  |9 391501  |a BIBEDU  |b BIBEDU  |d 2019-11-22  |i 4251040  |o 372.7 FAL 2005  |p 4251040  |r 2019-11-22  |w 2019-11-22  |y BK  |k EBA 
952 |0 0  |1 0  |4 0  |6 372_700000000000000_FAL_2005  |7 0  |8 A  |9 391502  |a BIBEDU  |b BIBEDU  |d 2019-11-22  |i 4251059  |o 372.7 FAL 2005  |p 4251059  |r 2019-11-22  |w 2019-11-22  |y BK  |k EBA 
952 |0 0  |1 0  |4 0  |6 372_700000000000000_FAL_2005  |7 0  |8 A  |9 391503  |a BIBEDU  |b BIBEDU  |d 2019-11-22  |i 4251075  |o 372.7 FAL 2005  |p 4251075  |r 2019-11-22  |w 2019-11-22  |y BK  |k EBA